Sự thật về hòn đá phù thủy = Brimstone

“Sự thật về hòn đá phù thủy” là quyển đầu tiên trong bộ truyện “Đất, không khí, lửa và nước” của nhà văn người Anh Alan Skinner viết năm 2010. Đây là câu chuyện về thời kỳ xa xưa khi một cô gái trẻ tài năng, dũng cảm, thông minh đã làm đa...

全面介紹

Đã lưu trong:
書目詳細資料
主要作者: Skinner, Alan
格式: 圖書
語言:Undetermined
出版: Tp. Hồ Chí Minh Tổng hợp Tp. Hồ Chí Minh 2012
主題:
標簽: 添加標簽
沒有標簽, 成為第一個標記此記錄!
Thư viện lưu trữ: Trung tâm Học liệu Trường Đại học Cần Thơ
LEADER 01041nam a2200217Ia 4500
001 CTU_174983
008 210402s9999 xx 000 0 und d
020 |c 98000 
082 |a 823.6 
082 |b S628 
100 |a Skinner, Alan 
245 0 |a Sự thật về hòn đá phù thủy = 
245 0 |b Brimstone 
245 0 |c Alan Skinner 
260 |a Tp. Hồ Chí Minh 
260 |b Tổng hợp Tp. Hồ Chí Minh 
260 |c 2012 
520 |a “Sự thật về hòn đá phù thủy” là quyển đầu tiên trong bộ truyện “Đất, không khí, lửa và nước” của nhà văn người Anh Alan Skinner viết năm 2010. Đây là câu chuyện về thời kỳ xa xưa khi một cô gái trẻ tài năng, dũng cảm, thông minh đã làm đảo lộn cả thế giới. 
650 |a English fiction,Tiểu thuyết Anh 
650 |y 21 century,Thế kỷ 21 
980 |a Trung tâm Học liệu Trường Đại học Cần Thơ